| 000 | 01021nam a22002177a 4500 | ||
|---|---|---|---|
| 005 | 20100217110556.0 | ||
| 008 | 100217t xxu||||| |||| 00| 0 hin d | ||
| 010 | _aHIN-89029 | ||
| 020 |
_c200.00 _a9788190725750 |
||
| 035 | _aHN-61375 | ||
| 037 | _bDBAD / PUB | ||
| 040 |
_aDPL _bHN |
||
| 082 | _a954.42 | ||
| 100 |
_aसारस्वत, माधवनन्द _914931 |
||
| 245 |
_aराजस्थान के मुख्यमंत्री / _cमाधवानन्द सारस्वत |
||
| 260 |
_aपिलानी _bकपिल प्रकाशन _c2009 |
||
| 270 |
_a83, शिव कालोनी, राजगढ़ रोड _bपिलानी (राज.) _e333031 _k9929226200 |
||
| 300 |
_a163पृ _c22सेमी (सजिल्द) _bसचित्र |
||
| 942 |
_2ddc _cHN _mसारस्व |
||
| 999 |
_c34418 _d34418 |
||